LEADER 01236nam a2200265 u 4500 001 000000011984 003 CaOOAMICUS 005 20070226105503.0 008 940712s1886 mdu u000 u lat u 035 $a10292423 040 $aPUL(R)$bita 111 2 $aConcilium plenarium Baltimorense$n(3 :$d1884).$0(OLS)http://pul/name/11476 240 10$aActa et decreta$9(Concilium plenarium Baltimorense 3 : 1884).$0(OLS)http://pul/title/17353 245 10$aActa et decreta Concilii plenarii Baltimorensis tertii A.D. MDCCCLXXXIV /$cpraeside Illmo. ac Revmo. Jacobo Gibbons .. 260 $aBaltimorae :$btypis Joannis Murphy et sociorum,$c1886. 300 $acix, 321 p. ;$c25 cm 500 $a"Index": pp. 301-321. 500 $a"Appendix": pp. 193-300. 650 4$aConcili e sinodi.$0(OLS)http://pul/subject/1553 850 $aPUL 852 $aPUL$W1$xDP1 Antico 800$y27$m29 E 3$j16892$nBK-PRI$b $qStampati Antico$B16892$CPULBib$Z2$F16892 $H $81 941 1 $a15 961 $aINV: 5731 996 $6245$aActa et decreta Concilii plenarii Baltimorensis tertii A.D. MDCCCLXXXIV$9(OLS)http://pul/title/17354 996 $6260$aBaltimorae :$btypis Joannis Murphy et sociorum$9(OLS)http://pul/publisher/53473 LEADER 01646nam a2200385 a 4500 001 000000166041 003 CaOOAMICUS 005 20180219102858.0 008 180219s2012 ne a u000 u eng r 020 $a9789004232181* 032 $aLibriCat 040 $aPUL$bita 041 0 $aeng$alat 082 04$a149.91 100 1 $aBlum, Paul Richard.$0(OLS)http://pul/name/96787 245 10$aStudies on early modern Aristotelianism /$cby Paul Richard Blum. 260 $aLeiden ;$aBoston :$bBrill,$c2012. 300 $axxi, 367 p. :$bill. ;$c25 cm. 490 1 $aHistory of science and medicine library ;$v30 490 1 $aScientific and learned cultures and their institutions ;$v07 500 $aInclude indice. 504 $aBibliografia in nota. 546 $aInclude testo in latino. 600 04$aAristoteles,$d384-322 a.C.$xStudi.$0(OLS)http://pul/subject/3882 650 4$aFilosofia rinascimentale.$0(OLS)http://pul/subject/4774 830 0$aHistory of science and medicine library ;$v30.$0(OLS)http://pul/title/177215 830 0$aScientific and learned cultures and their institutions ;$v07.$0(OLS)http://pul/title/205752 850 $aPUL 852 $aPUL$W1$xSL Filosofia 3$y81$m149. 91 BLUPA 1$j190557$qDDC 21$B193446$CPULBib$Z2$F193446 $H130409 $81 941 1 $a9 996 $6020$a9789004232181*$9(OLS)http://pul/number/163537 996 $6082$a149.91$9(OLS)http://pul/classification/3100 996 $6245$aStudies on early modern Aristotelianism$9(OLS)http://pul/title/205751 996 $6260$aLeiden ;$aBoston :$bBrill$9(OLS)http://pul/publisher/68781